|
|
|
|
| LEADER |
00000cam a2200000 7i4500 |
| 001 |
0000008315 |
| 005 |
20050503.0 |
| 020 |
|
|
|a 0793131669
|
| 040 |
|
|
|a INS
|
| 090 |
0 |
0 |
|a HD1375.
|b T73 1999
|
| 100 |
1 |
|
|a Tuccillo, John A.
|
| 245 |
1 |
4 |
|a The eight new rules of real estate
|c John A. Tuccillo
|
| 260 |
|
|
|a Chicago, Illinois :
|b Real Estate Education Company ,
|c 1999
|
| 300 |
|
|
|a 200p. ;
|c 24cm.
|
| 650 |
0 |
0 |
|a Real estate agents
|x Training of
|
| 650 |
0 |
0 |
|a Real estate business
|
| 650 |
0 |
0 |
|a Real estate business
|x Data processing
|
| 650 |
0 |
0 |
|a Real estate business
|x Technological innovations
|
| 650 |
0 |
0 |
|a Real estate business
|z United States
|
| 650 |
0 |
0 |
|a Real estate management
|
| 999 |
|
|
|a 0000007968
|b BOOK
|c Open Shelf
|e Default branch
|